[Event "Scarborough CC-ch Reserves U1400"]
[Site "Toronto"]
[Date "2012.04.12"]
[Round "4"]
[White "Deng, Yi"]
[Black "Mahoney, Sean"]
[Result "0-1"]
[WhiteElo "1062"]
[BlackElo "958"]
[PlyCount "52"]
[EventDate "2012.03.22"]
[EventType "swiss"]
[EventRounds "9"]
[EventCountry "CAN"]
[SourceTitle "EXT 2022"]
[Source "ChessBase"]
[SourceDate "2021.10.06"]
[SourceVersion "1"]
[SourceVersionDate "2021.10.06"]
[SourceQuality "1"]

1. e4 e5 2. Nf3 Nc6 3. Bc4 h6 4. d4 exd4 5. Nxd4 Ne5 6. Bb3 Nf6 7. Nc3 Bb4 8. f3 0-0 9. Bd2 Bc5 10. Be3 Bb6 11. Qe2 c5 12. Nf5 c4 13. Bxc4 Nxc4 14. Qxc4 d5 15. exd5 Bxf5 16. Bf4 Rc8 17. Qb3 Re8+ 18. Kd2 Rc5 19. d6 Nh5 20. Be3 Qxd6+ 21. Ke2 Rce5 22. Nd1 Bxe3 23. Nxe3 Qc5 24. Qxb7 Qxe3+ 25. Kf1 Bxc2 26. Qb4 Bd3# 0-1

[Event "Scarborough CC-ch Reserves U1400"]
[Site "Toronto"]
[Date "2012.03.22"]
[Round "1"]
[White "Balendra, Harigaran"]
[Black "Deng, Yi"]
[Result "1-0"]
[WhiteElo "1236"]
[BlackElo "1062"]
[PlyCount "95"]
[EventDate "2012.03.22"]
[EventType "swiss"]
[EventRounds "9"]
[EventCountry "CAN"]
[SourceTitle "EXT 2022"]
[Source "ChessBase"]
[SourceDate "2021.10.06"]
[SourceVersion "1"]
[SourceVersionDate "2021.10.06"]
[SourceQuality "1"]

1. e4 e5 2. Nf3 Nc6 3. Bb5 d6 4. d3 Bd7 5. Be3 a6 6. Ba4 b5 7. Bb3 Nf6 8. Ng5 Be6 9. Bxe6 fxe6 10. Nxe6 Qe7 11. Ng5 h6 12. Nf3 Ng4 13. h3 Nxe3 14. fxe3 Qd8 15. 0-0 Be7 16. Nh2 Bg5 17. Qh5+ Kd7 18. Ng4 Rf8 19. Nc3 Nb4 20. Rf7+ Rxf7 21. Qxf7+ Kc8 22. Rc1 Qe7 23. Qf5+ Kb7 24. a3 Rf8 25. Qh7 Nc6 26. Nd5 Qf7 27. c4 Ne7 28. cxb5 Nxd5 29. bxa6+ Kxa6 30. exd5 Bxe3+ 31. Nxe3 Qf2+ 32. Kh1 Qxe3 33. Rg1 Rf7 34. Qg8 Rf2 35. Qxg7 Rxb2 36. Qxc7 Rb6 37. Qc8+ Ka5 38. Qc3+ Ka6 39. Qc8+ Rb7 40. Rb1 Qa7 41. Qc6+ Rb6 42. Qxb6+ Qxb6 43. Rxb6+ Kxb6 44. Kg1 Ka5 45. Kf2 Ka4 46. Ke3 Kxa3 47. g4 Kb4 48. Ke4 1-0

[Event "Scarborough CC Falling Leaves U1400"]
[Site "Toronto"]
[Date "2011.11.03"]
[Round "1"]
[White "Dattani, Dinesh"]
[Black "Deng, Yi"]
[Result "1-0"]
[WhiteElo "1257"]
[BlackElo "1027"]
[PlyCount "51"]
[EventDate "2011.11.03"]
[EventType "swiss"]
[EventRounds "7"]
[EventCountry "CAN"]
[SourceTitle "EXT 2022"]
[Source "ChessBase"]
[SourceDate "2021.10.06"]
[SourceVersion "1"]
[SourceVersionDate "2021.10.06"]
[SourceQuality "1"]

1. e4 e5 2. Nf3 Nc6 3. d4 exd4 4. Nxd4 Nxd4 5. Qxd4 Nf6 6. Bg5 Be7 7. Bc4 0-0 8. 0-0 h6 9. Bh4 Re8 10. Nd2 c5 11. Qe3 Qb6 12. Bb3 Nh7 13. Nc4 Qg6 14. Ne5 Qh5 15. Bxf7+ Qxf7 16. Nxf7 Kxf7 17. Bxe7 Rxe7 18. Qxc5 Re6 19. Qf5+ Nf6 20. e5 b6 21. exf6 Rxf6 22. Qd5+ Ke7 23. Rae1+ Re6 24. Rxe6+ dxe6 25. Qxa8 Ba6 26. Re1 1-0

[Event "Scarborough CC Howard Ridout U1800"]
[Site "Toronto"]
[Date "2011.10.20"]
[Round "5"]
[White "Deng, Yi"]
[Black "Raphael, Raymond"]
[Result "0-1"]
[WhiteElo "938"]
[BlackElo "1715"]
[PlyCount "78"]
[EventDate "2011.09.08"]
[EventType "swiss"]
[EventRounds "6"]
[EventCountry "CAN"]
[SourceTitle "EXT 2022"]
[Source "ChessBase"]
[SourceDate "2021.10.06"]
[SourceVersion "1"]
[SourceVersionDate "2021.10.06"]
[SourceQuality "1"]

1. e4 c5 2. Nf3 Nc6 3. Bc4 e6 4. d3 Na5 5. Bd2 Nxc4 6. dxc4 d6 7. Nc3 h6 8. h3 b6 9. Be3 Bb7 10. 0-0 Ne7 11. a3 Nc6 12. Bf4 Be7 13. e5 dxe5 14. Bxe5 Nxe5 15. Nxe5 0-0 16. b4 cxb4 17. axb4 Bxb4 18. Qxd8 Rfxd8 19. Nb5 a6 20. Nc7 Rac8 21. Nxa6 Bc3 22. Rae1 Bxa6 23. Re3 Bxe5 24. Rxe5 Rxc4 25. Rc1 Rdc8 26. Re2 Rd4 27. Ree1 Rdc4 28. Re2 Bb7 29. f3 Bd5 30. Kf2 b5 31. Ke1 b4 32. Kd2 Rd4+ 33. Ke3 Rdc4 34. Kd3 Rc3+ 35. Kd2 b3 36. Kd1 bxc2+ 37. Kd2 Bb3 38. Re5 R3c5 39. Re4 Rd8+ 0-1

[Event "Scarborough CC Howard Ridout U1800"]
[Site "Toronto"]
[Date "2011.09.15"]
[Round "2"]
[White "Deng, Yi"]
[Black "Veecock, Carl"]
[Result "0-1"]
[WhiteElo "938"]
[BlackElo "1323"]
[PlyCount "120"]
[EventDate "2011.09.08"]
[EventType "swiss"]
[EventRounds "6"]
[EventCountry "CAN"]
[SourceTitle "EXT 2022"]
[Source "ChessBase"]
[SourceDate "2021.10.06"]
[SourceVersion "1"]
[SourceVersionDate "2021.10.06"]
[SourceQuality "1"]

1. e4 c6 2. d4 d5 3. e5 e6 4. c4 Bb4+ 5. Bd2 Bxd2+ 6. Qxd2 Ne7 7. cxd5 Nxd5 8. Bc4 0-0 9. Bxd5 Qxd5 10. Nf3 Qe4+ 11. Qe3 Qxe3+ 12. fxe3 Nd7 13. 0-0 Nb6 14. Nc3 Nc4 15. Nd1 b6 16. b4 Na3 17. Rc1 Bb7 18. Nc3 b5 19. Rf2 Nc4 20. Nd1 a5 21. bxa5 Rxa5 22. Ne1 Rfa8 23. Nc3 Nxe3 24. Nd3 Rd8 25. Re1 Nd5 26. Nc5 Ba8 27. N3e4 Ra7 28. Nd6 b4 29. Ref1 Rf8 30. Nce4 Ne3 31. Re1 Nf5 32. Nxf5 exf5 33. Rxf5 Rxa2 34. Nc5 Ra7 35. Ref1 Re7 36. e6 f6 37. Rb1 Rb8 38. Nd7 Rb7 39. Nc5 Rb5 40. Rf3 Bb7 41. Rfb3 Bc8 42. Rxb4 Bxe6 43. Rxb5 cxb5 44. Rxb5 Bc4 45. Rb8+ Kf7 46. Rb4 Bd5 47. Rb5 Re1+ 48. Kf2 Re7 49. Nd3 Bc4 50. Rh5 Bxd3 51. d5 Bg6 52. Rh4 Re4 53. Rxe4 Bxe4 54. d6 Bc6 55. Ke3 Ke6 56. Kf4 Kxd6 57. h4 Bxg2 58. Kg3 Be4 59. Kf4 Kd5 60. Kg4 Ke5 0-1